Library of the University of Algiers 3
Ibrahim Sultan Cheibout
شعار جامعة الجزائر 3
مكتبة جامعة الجزائر 3
إبراهيم سلطان شيبوط

نظم المعلومات الإدارية في المنظمات المعاصرة / (رقم التسجيلة. 45605)

تفاصيل مارك
000 -LEADER
fixed length control field 01382nam a2200229Ia 4500
003 - CONTROL NUMBER IDENTIFIER
control field Ost
005 - DATE AND TIME OF LATEST TRANSACTION
control field 20260507075651.0
008 - FIXED-LENGTH DATA ELEMENTS--GENERAL INFORMATION
fixed length control field 260507s9999||||xx |||||||||||||| ||und||
040 ## - CATALOGING SOURCE
Transcribing agency fsecg
041 ## - LANGUAGE CODE
Language code of text/sound track or separate title ara
082 ## - DEWEY DECIMAL CLASSIFICATION NUMBER
Classification number 658.4038
100 ## - MAIN ENTRY--PERSONAL NAME
Personal name إدريس، ثابت عبد الرحمن
Relator term مؤلف
245 #0 - TITLE STATEMENT
Title نظم المعلومات الإدارية في المنظمات المعاصرة /
Statement of responsibility, etc. ثابت عبد الرحمن إدريس
260 ## - PUBLICATION, DISTRIBUTION, ETC.
Place of publication, distribution, etc. الإسكندرية:
Name of publisher, distributor, etc. الدار الجامعية للنشر والتوزيع,
Date of publication, distribution, etc. 2005
300 ## - PHYSICAL DESCRIPTION
Extent 537 صفحة؛
Other physical details إيضاحات ؛
Dimensions 24 سم
504 ## - BIBLIOGRAPHY, ETC. NOTE
Bibliography, etc. note المراجع ص.573
520 ## - SUMMARY, ETC.
Summary, etc. نظرية النظم، مفهوم وخصائص وأنواع النظم- نظرية المعلومات، المعلومات كمورد رئيسي للمنظمة- الدور الإستراتيجي لنظم المعلومات- نظم المعلومات والإدارة وإتخاذ القرارات - برامج تشغيل الحاسب- قواعد البيانات ومخازن البيانات- الإتصالات اللاسلكية والشبكات والانترنت- تحليل وتصميم نظام المعلومات.
653 ## - INDEX TERM--UNCONTROLLED
Uncontrolled term المعلومات الإدارية
653 ## - INDEX TERM--UNCONTROLLED
Uncontrolled term نظم المعلومات الإدارية
653 ## - INDEX TERM--UNCONTROLLED
Uncontrolled term نظم المعلومات- المؤسسة الممتدة
942 ## - ADDED ENTRY ELEMENTS (KOHA)
Koha item type كتب

لا توجد مواد متاحة.

موارد الويب المفتوحة


© University of Algiers 3 All Rights Reserved
|
Implemented by LECHELAH Riad